A montanha negra (Record no. 45023)

MARC details
000 -Etiqueta do registo
Valores 00539cam a22001931 04500
100 ## - Dados gerais de processamento
Dados gerais 19951019d1970 m y0pory5003 ba
101 1# - Língua de publicação
Língua por
102 ## - País de publicação
País PT
200 1# - Titulo e menção de responsabilidade
Título próprio A montanha negra
Primeira menção de responsabilidade Rex Stout
Outras menções de responsabilidade trad. Fernanda Pinto Rodrigues
210 #9 - Publicação
Local de publicação Lisboa
Nome do editor Livros do Brasil,
Data de publicação [D.L. 1970]
215 ## - Descrição física 
Paginação / Volumes 215, [1] p.
Dimensões 16 cm
225 2# - Colecção 
Título próprio da colecção Vampiro
Indicação de volume 275
675 ## - CDU
Notação 821.111(73)-312.4"19"
Edição BN
Língua por
700 #1 - Autor principal
Apelido Stout,
Nome Rex,
Datas 1886-1975
702 #1 - Autor secundário
Apelido Rodrigues,
Nome Fernanda Pinto
Função 730
801 #0 - Fonte de origem
País PT
Agência BN
Regras de catalogação RPC
990 ## - Elementos KOHA
Tipo de documento Livro
Holdings
Aquisição Empréstimo Código de barras Cota Permissão de empréstimo Tipo de documento
Biblioteca Municipal de Redondo Biblioteca Municipal de Redondo 055343 821.111(73)-3 STO   Livro

Powered by Koha